Lyrics Kavinsky - Nightcall - Statistiques

Statistiques générales
  • Ce quiz a été pris 190 fois
  • Le résultat moyen est 130 sur 160
Statistiques - réponses
Paroles % Correct
i
100%
I
100%
a
99%
you
99%
to
97%
the
94%
something
92%
it's
90%
It's
90%
explain
89%
call
88%
hard
88%
night
88%
about
86%
but
85%
But
85%
same
85%
boy
83%
inside
83%
There's
83%
feel
81%
still
81%
talking
81%
tell
80%
how
79%
you're
79%
I'm
74%
want
72%
They're
69%
giving
67%
don't
65%
hear
65%
through
61%
no
60%
down
54%
gonna
53%
drive
51%
fear
51%
have
49%
hills
47%
dark
46%
where
44%
bout
42%
show
40%
Aucun quiz correspondant
Distribution des résultats
% des personnes avec chaque résultat
Percentile par nombre de réponses
Votre historique - résultats
Vous n’avez pas pris ce quiz